Katie Woo's Neighborhood: Mr Patel Builds /

Katie's class is learning about houses, and her classmate Peter's father, Mr. Patel, invites the class to see a new house he is building. The students learn the steps to building a house, and best of all, discover who the new homeowner is.

Bibliographic Details
Corporate Author: Library Pass, LLC
Other Authors: Manushkin, Fran (writer.)
Format: eBook
Language:English
Published: [United States] : Capstone, 2022.
Subjects:
Online Access:Connect to this electronic book (First time users create your free account)

MARC

Tag First Indicator Second Indicator Subfields
LEADER 00000nmm a22000001a 4500
001 in00004608213
006 m|||||o||m||||||||
007 cr|cn |||uuuuu
008 221118s2022 xxu||||bo|||| ||||||eng d
005 20221207213032.3
035 |a (TxWaIVM)IV90397CaKa 
040 |a TxWaIVM  |c TxWaIVM 
245 0 0 |a Katie Woo's Neighborhood: Mr Patel Builds /  |c powered by Library Pass. 
260 3 |a [United States] :  |b Capstone,  |c 2022. 
300 |a 1 online resource. 
336 |a text  |b txt  |2 rdacontent 
337 |a computer  |b c  |2 rdamedia 
338 |a online resource  |b cr  |2 rdacarrier 
520 |a Katie's class is learning about houses, and her classmate Peter's father, Mr. Patel, invites the class to see a new house he is building. The students learn the steps to building a house, and best of all, discover who the new homeowner is. 
521 |a 1 
538 |a Requires a valid library card and registration for new users. 
538 |a Mode of access: World Wide Web. 
538 |a System requirements: Flash 10.1 or higher, Windows XP and higher, Internet Explorer 7 and higher, Firefox 3.6 and higher, Google Chrome; Max OS 10.5 and higher, Safari 4 and higher. 
650 0 |a Comic books, strips, etc. --Children 
655 7 |a Electronic books.  |2 local 
655 7 |a Comic books, strips, etc. --Children  |2 gsafd 
650 0 |a Early Readers 
655 7 |a Early Readers  |2 gsafd 
650 0 |a Comic books, strips, etc. --Fiction 
655 7 |a Comic books, strips, etc. --Fiction  |2 gsafd 
650 0 |a Comic books, strips, etc. 
655 7 |a Comic books, strips, etc.  |2 gsafd 
700 1 |a Manushkin, Fran.  |e writer. 
700 1 |a Zarrin, Laura.  |e artist. 
710 2 |a Library Pass, LLC. 
856 4 0 |u http://proxy.library.tamu.edu/login?url=https://tamu.librarypass.com/product/capstone.katie.woos.neighborhood.mr.patel.builds.english.08262022  |z Connect to this electronic book (First time users create your free account)  |t 0 
955 |a Comics Plus. 
999 f f |s d38a1bdb-4695-4c3d-935c-6bb775fb8430  |i 5e5dded0-9389-4cdd-8a1d-585246e1d474  |t 0 
952 f f |a Texas A&M University  |b College Station  |c Electronic Resources  |d Available Online  |t 0  |h Library of Congress classification 
998 f f |t 0  |l Available Online